|
|
|
|
| LEADER |
01814nam a2200421 a 4500 |
| 001 |
36451 |
| 003 |
BD-DhAAL |
| 005 |
20211125122543.0 |
| 008 |
191022t20181973ii v 001 0 eng d |
| 999 |
|
|
|c 41661
|d 41661
|
| 010 |
|
|
|a 2011350658
|
| 020 |
|
|
|a 9789387487307
|
| 020 |
|
|
|a 9789350280416 (pbk.)
|
| 025 |
|
|
|a I-E-2011-350658; 71-91; 84-91
|
| 035 |
|
|
|a (OCoLC)ocn699323125
|
| 035 |
|
|
|a (OCoLC)699323125
|
| 037 |
|
|
|a Library of Congress -- New Delhi Overseas Office
|
| 040 |
|
|
|a DKAGE
|b eng
|c DKAGE
|d DLC
|d BD-DhAAL
|
| 042 |
|
|
|a lccopycat
|a lcode
|
| 043 |
|
|
|a a-ii---
|
| 050 |
0 |
0 |
|a KNS78.B87
|b S564 2011
|
| 082 |
0 |
4 |
|a 346.5407
|2 22
|
| 100 |
0 |
|
|a Singh, Avtar,
|d 1932-
|9 36340
|
| 245 |
1 |
0 |
|a Business law :
|b principles of mercantile law /
|c by Avtar Singh.
|
| 250 |
|
|
|a Eleventh edition
|
| 260 |
|
|
|a Lucknow :
|b Eastern Book Co.,
|c 2018
|
| 300 |
|
|
|a cvi, 940 pages ;
|c 24 cm.
|
| 500 |
|
|
|a Imprint on t.p. verso: Lucknow : EBC Pub.
|
| 500 |
|
|
|a Includes index.
|
| 505 |
0 |
|
|a pt. 1. Contract -- pt. 2. Partnership -- pt. 3. Sale of goods and competition law -- pt. 4. Negotiable instruments -- pt. 5. Company law -- pt. 6. Intellectual property rights.
|
| 526 |
|
|
|a SOL
|
| 541 |
|
|
|a HYE Trade International
|e 36450, 36451
|
| 650 |
|
0 |
|a Commercial law
|z India.
|9 36341
|
| 650 |
|
0 |
|a Law.
|9 43205
|
| 852 |
|
|
|a Ayesha Abed Library
|c General Stacks
|
| 942 |
|
|
|2 ddc
|c BK
|
| 952 |
|
|
|0 0
|1 0
|2 ddc
|4 0
|6 346_540700000000000_SIN
|7 0
|9 66897
|a BRACUL
|b BRACUL
|c GEN
|d 2019-10-21
|e Hye Trade International
|g 1219.00
|l 10
|m 56
|o 346.5407 SIN
|p 3010036451
|r 2026-05-13
|s 2026-02-05
|t 2
|v 1219.00
|w 2019-10-21
|y BK
|
| 952 |
|
|
|0 0
|1 0
|2 ddc
|4 0
|6 346_540700000000000_SIN
|7 0
|9 66898
|a BRACUL
|b BRACUL
|c GEN
|d 2019-10-21
|e Hye Trade International
|g 1219.00
|l 6
|m 44
|o 346.5407 SIN
|p 3010036450
|r 2025-08-10
|s 2025-03-15
|t 1
|v 1219.00
|w 2019-10-21
|y BK
|